Dronedarone versus placebo in patients with atrial fibrillation or atrial flutter across a range of renal function a post hoc analysis of the ATHENA trial /

Elmentve itt :
Bibliográfiai részletek
Szerzők: Vámos Máté
Oldgren Jonas
Nam Gi-Byoung
Lip Gregory Y. H.
Calkins Hugh
Zhu Jun
Ueng Kwo-Chang
Ludwigs Ulf
Wieloch Mattias
Stewart John
Hohnloser Stefan H.
Dokumentumtípus: Cikk
Megjelent: 2022
Sorozat:EUROPEAN HEART JOURNAL - CARDIOVASCULAR PHARMACOTHERAPY 8 No. 4
Tárgyszavak:
doi:10.1093/ehjcvp/pvab090

mtmt:32638814
Online Access:http://publicatio.bibl.u-szeged.hu/24636
LEADER 01163nab a2200325 i 4500
001 publ24636
005 20220701085936.0
008 220701s2022 hu o 0|| Angol d
022 |a 2055-6837 
024 7 |a 10.1093/ehjcvp/pvab090  |2 doi 
024 7 |a 32638814  |2 mtmt 
040 |a SZTE Publicatio Repozitórium  |b hun 
041 |a Angol 
100 1 |a Vámos Máté 
245 1 0 |a Dronedarone versus placebo in patients with atrial fibrillation or atrial flutter across a range of renal function  |h [elektronikus dokumentum] :  |b a post hoc analysis of the ATHENA trial /  |c  Vámos Máté 
260 |c 2022 
300 |a 363-371 
490 0 |a EUROPEAN HEART JOURNAL - CARDIOVASCULAR PHARMACOTHERAPY  |v 8 No. 4 
650 4 |a Klinikai orvostan 
700 0 1 |a Oldgren Jonas  |e aut 
700 0 1 |a Nam Gi-Byoung  |e aut 
700 0 1 |a Lip Gregory Y. H.  |e aut 
700 0 1 |a Calkins Hugh  |e aut 
700 0 1 |a Zhu Jun  |e aut 
700 0 1 |a Ueng Kwo-Chang  |e aut 
700 0 1 |a Ludwigs Ulf  |e aut 
700 0 1 |a Wieloch Mattias  |e aut 
700 0 1 |a Stewart John  |e aut 
700 0 1 |a Hohnloser Stefan H.  |e aut 
856 4 0 |u http://publicatio.bibl.u-szeged.hu/24636/1/Vamos2022.pdf  |z Dokumentum-elérés